Normal view
MARC view
- Dawson, P. R Murray, P. R. S
Entry Personal Name
001 - CONTROL NUMBER
- control field: 74176
003 - CONTROL NUMBER IDENTIFIER
- control field: NUST
005 - DATE AND TIME OF LATEST TRANSACTION
- control field: 20210628205140.0
008 - FIXED-LENGTH DATA ELEMENTS
- fixed length control field: 210628|| aca||aabn | a|a d
040 ## - CATALOGING SOURCE
- Original cataloging agency: NUST
- Transcribing agency: NUST
100 ## - HEADING--PERSONAL NAME
- Personal name: Dawson, P. R Murray, P. R. S
670 ## - SOURCE DATA FOUND
- Source citation: Work cat.: (NUST): Dawson, P. R Murray, P. R. S, Structural and comparative inorganic chemistry a modern approach, 1984
